[Event "Gaudium Masters-B"]
[Site "Chess.com INT"]
[Date "2023.06.29"]
[Round "4"]
[White "Di Berardino, Diego Rafael"]
[Black "Milos, Gilberto"]
[Result "0-1"]
[WhiteElo "2484"]
[BlackElo "2575"]
[PlyCount "90"]
[EventDate "2023.06.29"]
[EventType "tourn (blitz)"]
[EventRounds "10"]
[EventCountry "BRA"]
[EventCategory "8"]
[SourceTitle "CBM 215 Extra"]
[Source "ChessBase"]
[SourceDate "2023.09.30"]
[SourceVersion "1"]
[SourceVersionDate "2023.09.30"]
[SourceQuality "1"]

1. d4 Nf6 2. c4 e6 3. Nc3 Bb4 4. e3 b6 5. Nge2 c5 6. a3 Ba5 7. Rb1 Na6 8. g3 Bb7 9. d5 exd5 10. Bg2 0-0 11. cxd5 b5 12. b3 b4 13. axb4 Nxb4 14. 0-0 d6 15. Bb2 Ba6 16. h3 Re8 17. Ba1 Rb8 18. Qd2 h6 19. Rfd1 Bd3 20. Rbc1 Qd7 21. Nf4 Bh7 22. Qb2 Bd8 23. Nce2 a5 24. g4 a4 25. Rc3 Ne4 26. Bxe4 Bxe4 27. Nh5 f6 28. Neg3 Bg6 29. Qa3 axb3 30. Qxb3 Be7 31. Qc4 Qb5 32. Qf4 Nxd5 33. Rxd5 Qb1+ 34. Kg2 Qxa1 35. Nf5 Bxf5 36. gxf5 Qxc3 37. Qg4 Bf8 38. Rxd6 Kh8 39. Rd7 Qe5 40. Qg6 Qe4+ 41. Kh2 Rb2 42. Kg3 Rxf2 43. Qh7+ Kxh7 44. Nxf6+ Kh8 45. Nxe4 Re2 0-1

[Event "Gaudium Masters-B"]
[Site "Chess.com INT"]
[Date "2023.06.29"]
[Round "5"]
[White "Milos, Gilberto"]
[Black "Quintiliano Pinto, Renato Rodrigues"]
[Result "0-1"]
[WhiteElo "2575"]
[BlackElo "2509"]
[PlyCount "72"]
[EventDate "2023.06.29"]
[EventType "tourn (blitz)"]
[EventRounds "10"]
[EventCountry "BRA"]
[EventCategory "8"]
[SourceTitle "CBM 215 Extra"]
[Source "ChessBase"]
[SourceDate "2023.09.30"]
[SourceVersion "1"]
[SourceVersionDate "2023.09.30"]
[SourceQuality "1"]

1. d4 d5 2. c4 c6 3. Nc3 Nf6 4. Nf3 dxc4 5. a4 Bf5 6. e3 e6 7. Bxc4 Bb4 8. 0-0 0-0 9. Bd2 a5 10. Ne2 Bxd2 11. Nxd2 Nbd7 12. Ng3 Bg6 13. Nb3 Qe7 14. Qe2 e5 15. Rfd1 h5 16. Qf3 Qb4 17. Rdc1 b5 18. Qxc6 bxc4 19. Qxc4 Rfb8 20. Ra3 Qxc4 21. Rxc4 exd4 22. Rxd4 Bc2 23. Nd2 Rxb2 24. h3 Bg6 25. Nc4 Rb4 26. Ne2 Nc5 27. Nc3 Ne6 28. Rh4 Rc8 29. Nd6 Rxc3 30. Rxc3 Rxh4 31. f4 Nxf4 32. exf4 Rxf4 33. Rc8+ Kh7 34. Rc7 Rxa4 35. Nxf7 Bxf7 36. Rxf7 Ra2 0-1

[Event "Gaudium Masters-B"]
[Site "Chess.com INT"]
[Date "2023.06.29"]
[Round "1"]
[White "Milos, Gilberto"]
[Black "Terao, Juliana Sayumi"]
[Result "1-0"]
[WhiteElo "2575"]
[BlackElo "2211"]
[PlyCount "59"]
[EventDate "2023.06.29"]
[EventType "tourn (blitz)"]
[EventRounds "10"]
[EventCountry "BRA"]
[EventCategory "8"]
[SourceTitle "CBM 215 Extra"]
[Source "ChessBase"]
[SourceDate "2023.09.30"]
[SourceVersion "1"]
[SourceVersionDate "2023.09.30"]
[SourceQuality "1"]

1. d4 Nf6 2. c4 e6 3. Nf3 Bb4+ 4. Bd2 a5 5. g3 0-0 6. Bg2 d5 7. Qc2 b6 8. 0-0 Ba6 9. Ne5 c6 10. Bg5 Be7 11. Rd1 h6 12. Bf4 Nfd7 13. cxd5 cxd5 14. e4 Nf6 15. Nc3 Ra7 16. exd5 Nxd5 17. Nxd5 exd5 18. Qb3 Bb7 19. Rac1 a4 20. Qf3 Ra5 21. Qg4 Kh7 22. Rc3 g6 23. Rdc1 h5 24. Qe2 Bf6 25. Rc7 Ba6 26. Qe3 Kg8 27. Bh6 Bg7 28. Nxg6 Re8 29. Qf4 Bxh6 30. Qxf7# 1-0

[Event "Iberoamericano Chess24"]
[Site "chess24.com INT"]
[Date "2020.06.16"]
[Round "2.5"]
[White "Salgado Lopez, Ivan"]
[Black "Milos, Gilberto"]
[Result "1-0"]
[WhiteElo "2584"]
[BlackElo "2575"]
[PlyCount "67"]
[EventDate "2020.06.01"]
[EventType "k.o. (blitz)"]
[EventRounds "6"]
[EventCountry "ESP"]
[SourceTitle "CBM 197 Extra"]
[Source "ChessBase"]
[SourceDate "2020.09.30"]
[SourceVersion "1"]
[SourceVersionDate "2020.09.30"]
[SourceQuality "1"]

1. e4 c5 2. Nf3 Nc6 3. Bb5 e6 4. 0-0 Nge7 5. Re1 Nd4 6. Bf1 Nec6 7. c3 Nxf3+ 8. Qxf3 g6 9. Qe3 d6 10. d4 cxd4 11. cxd4 Bg7 12. d5 Nd4 13. Na3 0-0 14. dxe6 Bxe6 15. Bd2 Nc6 16. Bc3 Ne5 17. h3 Qh4 18. f4 Nc6 19. Bxg7 Kxg7 20. Rad1 Rad8 21. Nb5 Bxa2 22. Nxd6 Qe7 23. e5 Be6 24. Qc3 Qc7 25. Kh2 Qb6 26. f5 gxf5 27. Qg3+ Kh8 28. Qg5 Rg8 29. Qf6+ Rg7 30. Nxf5 Bxf5 31. Qxf5 Rxd1 32. Rxd1 Qe3 33. Qf6 Kg8 34. Rd8+ 1-0

[Event "Iberoamericano Chess24"]
[Site "chess24.com INT"]
[Date "2020.06.01"]
[Round "1.2"]
[White "Milos, Gilberto"]
[Black "Vera Siguenas, Deivy Anthoni"]
[Result "1-0"]
[WhiteElo "2575"]
[BlackElo "2503"]
[PlyCount "59"]
[EventDate "2020.06.01"]
[EventType "k.o. (blitz)"]
[EventRounds "6"]
[EventCountry "ESP"]
[SourceTitle "CBM 197 Extra"]
[Source "ChessBase"]
[SourceDate "2020.09.30"]
[SourceVersion "1"]
[SourceVersionDate "2020.09.30"]
[SourceQuality "1"]

1. d4 Nf6 2. c4 e6 3. Nf3 d5 4. Nc3 c5 5. cxd5 Nxd5 6. e3 Nc6 7. Bd3 cxd4 8. exd4 Bb4 9. Bd2 Be7 10. a3 0-0 11. 0-0 Nxc3 12. bxc3 b6 13. h4 Bb7 14. Ng5 g6 15. Re1 Na5 16. Re3 Bxg5 17. hxg5 Qd5 18. Qg4 Nc4 19. Bxc4 Qxc4 20. Rh3 Qd5 21. f3 Qf5 22. Qh4 h5 23. gxh6 Kh7 24. Re1 g5 25. Qh5 Qg6 26. Qxg5 Qxg5 27. Bxg5 Rg8 28. Bf6 Rac8 29. Re3 Rc5 30. dxc5 1-0

[Event "Iberoamericano Chess24"]
[Site "chess24.com INT"]
[Date "2020.06.01"]
[Round "1.6"]
[White "Milos, Gilberto"]
[Black "Vera Siguenas, Deivy Anthoni"]
[Result "1-0"]
[WhiteElo "2575"]
[BlackElo "2503"]
[PlyCount "95"]
[EventDate "2020.06.01"]
[EventType "k.o. (blitz)"]
[EventRounds "6"]
[EventCountry "ESP"]
[SourceTitle "CBM 197 Extra"]
[Source "ChessBase"]
[SourceDate "2020.09.30"]
[SourceVersion "1"]
[SourceVersionDate "2020.09.30"]
[SourceQuality "1"]

1. d4 d5 2. Nf3 Nf6 3. c4 c6 4. Nc3 e6 5. e3 Nbd7 6. Qc2 Bd6 7. Bd3 0-0 8. 0-0 dxc4 9. Bxc4 b5 10. Bd3 Bb7 11. Ne4 Nxe4 12. Bxe4 Nf6 13. Bd3 Qe7 14. e4 e5 15. dxe5 Bxe5 16. Nxe5 Qxe5 17. f3 Qd4+ 18. Kh1 Rfd8 19. Rd1 c5 20. Bf4 c4 21. Bf1 Qb6 22. Bg5 h6 23. Bh4 Rxd1 24. Rxd1 Re8 25. Bf2 Qa5 26. a3 a6 27. Bd4 Qd8 28. Bc3 Qe7 29. Qd2 Bc6 30. Qd4 Qe6 31. Kg1 Rc8 32. Kf2 Ne8 33. Qe5 Qxe5 34. Bxe5 f6 35. Bf4 Kf7 36. Ke3 Ke7 37. h4 Rd8 38. Rxd8 Kxd8 39. Kd4 Kd7 40. Kc5 Nc7 41. Kb6 Ne6 42. Be3 g5 43. hxg5 hxg5 44. Kxa6 Nc7+ 45. Kb6 Ne6 46. a4 bxa4 47. Bxc4 Nc7 48. Bd4 1-0

[Event "Florianopolis op 3rd"]
[Site "Florianopolis"]
[Date "2017.01.24"]
[Round "7"]
[White "Marra, Eduardo da Costa"]
[Black "Milos, Gilberto"]
[Result "0-1"]
[WhiteElo "2191"]
[BlackElo "2567"]
[PlyCount "118"]
[EventDate "2017.01.20"]
[EventType "swiss"]
[EventRounds "10"]
[EventCountry "BRA"]
[SourceTitle "CBM 176 Extra"]
[Source "ChessBase"]
[SourceDate "2017.03.02"]
[SourceVersion "1"]
[SourceVersionDate "2017.03.02"]
[SourceQuality "1"]

1. d4 Nf6 2. Bf4 g6 3. e3 Bg7 4. Nf3 0-0 5. Be2 d6 6. 0-0 c5 7. c3 b6 8. Nbd2 Bb7 9. h3 Nbd7 10. a4 a6 11. Bh2 Qb8 12. Qb1 Re8 13. Rd1 Bc6 14. b4 cxb4 15. Qxb4 Rc8 16. Qb3 Qb7 17. Bf1 Qc7 18. Rdc1 Qd8 19. Bc4 Qe8 20. Ng5 d5 21. Bf1 e6 22. Ngf3 Bf8 23. Ne5 Bd6 24. Ndf3 Qe7 25. Rab1 Rc7 26. Bf4 Ne4 27. Nxd7 Qxd7 28. Bxd6 Qxd6 29. Qxb6 Bxa4 30. Qa5 Be8 31. Rb6 Rc6 32. Rxc6 Qxc6 33. c4 dxc4 34. Rxc4 Qb5 35. Qa3 Qb6 36. Rb4 Qc7 37. Rc4 Qd8 38. Rc1 a5 39. Bd3 Nd6 40. Ne5 a4 41. Nc6 Qc7 42. Ne5 Qb6 43. Nc6 Nb5 44. Bxb5 Qxb5 45. Ne7+ Kg7 46. d5 exd5 47. Qd6 Qb2 48. Rd1 a3 49. Qxd5 Rb8 50. Qa5 a2 51. Kh2 Rb5 52. Qd8 Qe5+ 53. f4 Qxe3 54. Qxe8 Qxf4+ 55. Kh1 Rb8 56. Qc6 Rb1 57. Qc3+ Qf6 58. Nf5+ gxf5 59. Qg3+ Kh8 0-1

[Event "Florianopolis op 3rd"]
[Site "Florianopolis"]
[Date "2017.01.23"]
[Round "5"]
[White "Granda Zuniga, Julio E"]
[Black "Milos, Gilberto"]
[Result "1-0"]
[WhiteElo "2644"]
[BlackElo "2567"]
[PlyCount "41"]
[EventDate "2017.01.20"]
[EventType "swiss"]
[EventRounds "10"]
[EventCountry "BRA"]
[SourceTitle "CBM 176 Extra"]
[Source "ChessBase"]
[SourceDate "2017.03.02"]
[SourceVersion "1"]
[SourceVersionDate "2017.03.02"]
[SourceQuality "1"]

1. d4 Nf6 2. c4 e6 3. Nf3 b6 4. g3 Ba6 5. b3 Bb7 6. Bg2 Bb4+ 7. Bd2 a5 8. 0-0 0-0 9. Qc2 d6 10. Nc3 Nbd7 11. Ne1 Bxg2 12. Nxg2 e5 13. a3 exd4 14. axb4 dxc3 15. Bxc3 axb4 16. Bxb4 Re8 17. Ne3 Ne5 18. Nd5 Rxa1 19. Rxa1 Nxd5 20. cxd5 Ng6 21. Ra7 1-0

[Event "Florianopolis op 3rd"]
[Site "Florianopolis"]
[Date "2017.01.22"]
[Round "4"]
[White "Milos, Gilberto"]
[Black "Menna Barreto, Felipe Kubiaki"]
[Result "1-0"]
[WhiteElo "2567"]
[BlackElo "2291"]
[PlyCount "77"]
[EventDate "2017.01.20"]
[EventType "swiss"]
[EventRounds "10"]
[EventCountry "BRA"]
[SourceTitle "CBM 176 Extra"]
[Source "ChessBase"]
[SourceDate "2017.03.02"]
[SourceVersion "1"]
[SourceVersionDate "2017.03.02"]
[SourceQuality "1"]

1. d4 Nf6 2. c4 e6 3. Nc3 c5 4. d5 exd5 5. cxd5 d6 6. e4 g6 7. Bd3 Bg7 8. Nge2 0-0 9. 0-0 Nbd7 10. h3 Re8 11. Bg5 a6 12. a4 h6 13. Bh4 c4 14. Bc2 g5 15. Bg3 Nc5 16. f3 Nh5 17. Bf2 Be5 18. g4 Nf4 19. Nxf4 Bxf4 20. Qd4 Nd7 21. Qxc4 Ne5 22. Qe2 h5 23. Bd4 Ng6 24. Qf2 Be5 25. Bxe5 Rxe5 26. Ne2 Qf6 27. Ra3 Bd7 28. Rc3 b5 29. Rc7 Qd8 30. Qb6 Rb8 31. Qxd6 Be8 32. Qxd8 Rxd8 33. a5 h4 34. Bd3 Re7 35. Rxe7 Nxe7 36. Rc1 Ng6 37. Kf2 Ne5 38. Ke3 Kg7 39. Nd4 1-0

[Event "Festa da Uva quad"]
[Site "Caxias do Sul"]
[Date "2016.02.??"]
[Round "5"]
[White "Mekhitarian, Krikor Sevag"]
[Black "Milos, Gilberto"]
[Result "1/2-1/2"]
[WhiteElo "2559"]
[BlackElo "2589"]
[PlyCount "165"]
[EventDate "2016.02.11"]
[EventType "tourn (rapid)"]
[EventRounds "6"]
[EventCountry "BRA"]
[SourceTitle "EXT 2018"]
[Source "ChessBase"]
[SourceDate "2017.10.13"]
[SourceVersion "1"]
[SourceVersionDate "2017.10.13"]
[SourceQuality "1"]

1. e4 e5 2. Nf3 Nc6 3. Bb5 a6 4. Ba4 Nf6 5. 0-0 Nxe4 6. d4 b5 7. Bb3 d5 8. dxe5 Be6 9. Nbd2 Nc5 10. c3 Nxb3 11. Nxb3 Be7 12. Nfd4 Nxd4 13. cxd4 a5 14. Be3 a4 15. Nc1 0-0 16. Nd3 Bf5 17. Rc1 Ra6 18. Qd2 Qd7 19. f3 h6 20. Nc5 Bxc5 21. Rxc5 Rg6 22. Rf2 c6 23. Qb4 f6 24. Bf4 fxe5 25. Bxe5 Re8 26. Rc1 Qf7 27. Qd2 h5 28. Qf4 Bd3 29. Qe3 Bf5 30. Qf4 Bd3 31. Qxf7+ Kxf7 32. Rc3 Bb1 33. a3 Rge6 34. g3 g6 35. Kg2 g5 36. Rf1 Bf5 37. Rfc1 Rc8 38. h3 g4 39. fxg4 hxg4 40. h4 Be4+ 41. Kf2 Ke7 42. Ke3 Kd7 43. Rf1 Bf3 44. Kf4 Rf8+ 45. Ke3 Rf5 46. Rcc1 Rexe5+ 47. dxe5 Rxe5+ 48. Kf4 Re4+ 49. Kg5 d4 50. h5 Re5+ 51. Kh4 c5 52. h6 Kd6 53. Rce1 Be4 54. Rf4 Bc2 55. Rxe5 Kxe5 56. Kxg4 c4 57. Kg5 c3 58. bxc3 dxc3 59. Rf3 Kd4 60. Rf8 Bd3 61. Rd8+ Ke3 62. Re8+ Kd2 63. Rd8 c2 64. h7 c1Q 65. h8Q Qc5+ 66. Kf4 Qxa3 67. Qe5 Qb4+ 68. Kf3 Qc3 69. Qe2+ Kc1 70. Rxd3 Qc6+ 71. Kf2 Qc5+ 72. Kg2 Qc6+ 73. Kh2 Qc2 74. Qxc2+ Kxc2 75. Rd5 b4 76. g4 b3 77. g5 b2 78. Rc5+ Kd3 79. Rb5 a3 80. g6 a2 81. g7 b1Q 82. Rxb1 axb1Q 83. g8Q 1/2-1/2

[Event "Barretos JAI"]
[Site "Barretos"]
[Date "2015.12.??"]
[Round "1"]
[White "Milos, Gilberto"]
[Black "Caldeira, Adriano"]
[Result "1-0"]
[WhiteElo "2589"]
[BlackElo "2226"]
[PlyCount "38"]
[EventDate "2015.12.01"]
[EventType "team-tourn"]
[EventRounds "5"]
[EventCountry "BRA"]
[SourceTitle "EXT 2022"]
[Source "ChessBase"]
[SourceDate "2021.10.06"]
[SourceVersion "1"]
[SourceVersionDate "2021.10.06"]
[SourceQuality "1"]
[WhiteTeam "Sao Bernardo do Campo"]
[BlackTeam "Mogi das Cruzes"]
[WhiteTeamCountry "BRA"]
[BlackTeamCountry "BRA"]

1. e4 c5 2. Nf3 e6 3. d4 cxd4 4. Nxd4 Nf6 5. Nc3 d6 6. Bc4 a6 7. 0-0 Nbd7 8. Bxe6 fxe6 9. Nxe6 Qb6 10. Nd5 Nxd5 11. exd5 Kf7 12. Be3 Qa5 13. Qh5+ g6 14. Qf3+ Nf6 15. Bd4 Be7 16. Ng5+ Kg7 17. Rfe1 Qd8 18. Re6 Bxe6 19. Nxe6+ Kg8 1-0

[Event "Paulista-chTB"]
[Site "Sao Paulo"]
[Date "2015.03.01"]
[Round "4.2"]
[White "Milos, Gilberto"]
[Black "Barbosa, Fernando"]
[Result "1-0"]
[WhiteElo "2517"]
[BlackElo "2175"]
[PlyCount "81"]
[EventDate "2015.02.28"]
[EventType "team-tourn"]
[EventRounds "7"]
[EventCountry "BRA"]
[SourceTitle "EXT 2017"]
[Source "ChessBase"]
[SourceDate "2016.10.25"]
[SourceVersion "1"]
[SourceVersionDate "2016.10.25"]
[SourceQuality "1"]
[WhiteTeam "Pinheiros"]
[BlackTeam "Sao Jose Em Cima da Hora"]
[WhiteTeamCountry "BRA"]
[BlackTeamCountry "BRA"]

1. e4 e6 2. d4 d5 3. Nc3 dxe4 4. Nxe4 Bd7 5. Nf3 Bc6 6. Bd3 Nd7 7. 0-0 Ngf6 8. Neg5 Bd6 9. Re1 0-0 10. Ne5 h6 11. Nxc6 bxc6 12. Nf3 c5 13. b3 Nd5 14. Bb2 cxd4 15. Nxd4 Qg5 16. Be4 N7f6 17. Nf3 Qh5 18. Bxf6 gxf6 19. c4 Nc3 20. Qd4 Nxe4 21. Rxe4 f5 22. Rh4 Qg6 23. Re1 Rfd8 24. Qe3 Bf8 25. Rh3 Qf6 26. Ne5 Bg7 27. f4 Rd6 28. Kh1 a5 29. Rf3 a4 30. b4 Qd8 31. b5 Rd1 32. h3 a3 33. Rxd1 Qxd1+ 34. Kh2 Qb1 35. Qc5 Qxa2 36. Qe7 Qb2 37. Rg3 Kh8 38. Nxf7+ Kh7 39. Ne5 Rg8 40. Qxe6 Rf8 41. Qg6+ 1-0

[Event "Itajai JASC Cup 54th"]
[Site "Itajai"]
[Date "2014.11.17"]
[Round "2.1"]
[White "Milos, Gilberto"]
[Black "Maia, Luciano Malta"]
[Result "1-0"]
[WhiteElo "2589"]
[BlackElo "2307"]
[PlyCount "119"]
[EventDate "2014.11.16"]
[EventType "team-swiss"]
[EventRounds "7"]
[EventCountry "BRA"]
[SourceTitle "EXT 2016"]
[Source "ChessBase"]
[SourceDate "2015.10.08"]
[SourceVersion "1"]
[SourceVersionDate "2015.10.08"]
[SourceQuality "1"]
[WhiteTeam "Florianopolis"]
[BlackTeam "Rio do Sul"]
[WhiteTeamCountry "BRA"]
[BlackTeamCountry "BRA"]

1. c4 Nf6 2. Nc3 c5 3. g3 e6 4. Nf3 b6 5. Bg2 Bb7 6. 0-0 Be7 7. d4 cxd4 8. Qxd4 d6 9. e4 a6 10. Qe3 Nbd7 11. Nd4 Qc7 12. b3 0-0 13. Bb2 Rfe8 14. Rfe1 Rac8 15. Rad1 Qb8 16. Qd2 Bf8 17. Re2 Red8 18. Qe1 Ba8 19. Kh1 Rc5 20. f3 Rdc8 21. a4 R5c7 22. Rdd2 Nc5 23. Qd1 Bb7 24. Re1 Qa8 25. Nde2 Be7 26. Nf4 Ncd7 27. Bh3 Nc5 28. Rde2 Bf8 29. Rd2 Re8 30. Bg2 Rec8 31. h4 Be7 32. Kh2 Qb8 33. Bh3 Bf8 34. Rde2 Re8 35. Bg2 Ba8 36. Kh1 Nfd7 37. Rd2 Ne5 38. Nh5 Qd8 39. Ne2 Qe7 40. Nd4 Ng6 41. f4 Rcc8 42. Re3 Kh8 43. Rf2 Qd8 44. Kg1 Rc7 45. Nc2 f6 46. Qf1 Bb7 47. Rd2 Qa8 48. Qe2 Qc8 49. Qf2 Qa8 50. Rde2 Qd8 51. g4 Rf7 52. Qg3 Qd7 53. g5 f5 54. exf5 Rxf5 55. Nd4 Rf7 56. Bh3 Rfe7 57. Nf6 gxf6 58. gxf6 Rf7 59. f5 Ne5 60. fxe6 1-0

[Event "Olympiad-41"]
[Site "Tromsoe"]
[Date "2014.08.02"]
[Round "1.3"]
[White "Milos, Gilberto"]
[Black "Singh, Ravishen"]
[Result "1-0"]
[WhiteElo "2583"]
[BlackElo "2104"]
[PlyCount "59"]
[EventDate "2014.08.02"]
[EventType "team-swiss"]
[EventRounds "11"]
[EventCountry "NOR"]
[SourceTitle "CBM 162"]
[Source "ChessBase"]
[SourceDate "2014.09.17"]
[SourceVersion "1"]
[SourceVersionDate "2014.09.17"]
[SourceQuality "1"]
[WhiteTeam "Brazil"]
[BlackTeam "Trinidad and Tobago"]
[WhiteTeamCountry "BRA"]
[BlackTeamCountry "TRI"]

1. c4 Nf6 2. Nc3 g6 3. e4 d6 4. d4 Bg7 5. f3 0-0 6. Bg5 Nc6 7. Nge2 a6 8. Qd2 Rb8 9. Rc1 Bd7 10. Nd5 Ne8 11. h4 f6 12. Be3 e6 13. Ndc3 Ne7 14. h5 c6 15. hxg6 hxg6 16. c5 d5 17. Nf4 Qa5 18. exd5 exd5 19. Bd3 Qc7 20. Nce2 f5 21. Nh3 Qd8 22. Bf4 Nc7 23. Ng5 Re8 24. Be5 Ne6 25. Bxg7 Nxg7 26. Kf2 Ne6 27. Rh6 Nxg5 28. Qxg5 Rf8 29. Rxg6+ Kf7 30. Rf6+ 1-0

[Event "Iberoamerican-ch 5th"]
[Site "Linares"]
[Date "2014.07.30"]
[Round "9"]
[White "Cori, Jorge Moise"]
[Black "Milos, Gilberto"]
[Result "1-0"]
[WhiteElo "2549"]
[BlackElo "2583"]
[PlyCount "85"]
[EventDate "2014.07.22"]
[EventType "swiss"]
[EventRounds "9"]
[EventCountry "ESP"]
[SourceTitle "CBM 161 Extra"]
[Source "ChessBase"]
[SourceDate "2014.08.29"]
[SourceVersion "1"]
[SourceVersionDate "2014.08.29"]
[SourceQuality "1"]

1. d4 Nf6 2. Nf3 e6 3. e3 b6 4. Bd3 Bb7 5. 0-0 Be7 6. b3 0-0 7. Bb2 c5 8. Nbd2 Nc6 9. a3 cxd4 10. exd4 Re8 11. Re1 Bf8 12. Ne4 Nxe4 13. Rxe4 d5 14. Rg4 g6 15. h4 Bg7 16. h5 Qd6 17. hxg6 hxg6 18. Bb5 a6 19. Bxc6 Bxc6 20. a4 Rec8 21. Qd2 Be8 22. Ne5 Qd8 23. Rg3 b5 24. a5 Ra7 25. Rc1 Qe7 26. Bc3 Bf8 27. Nd3 Qf6 28. Rf3 Qg7 29. Re1 Rd7 30. Bb4 Qh6 31. Qe2 Bxb4 32. Nxb4 Rdc7 33. Qe5 Qg7 34. Qf4 Bd7 35. Qd2 Ra7 36. c3 f6 37. Nd3 Re8 38. Qf4 e5 39. dxe5 fxe5 40. Rxe5 Rxe5 41. Nxe5 Bf5 42. Nxg6 Rf7 43. Ne5 1-0

[Event "Iberoamerican-ch 5th"]
[Site "Linares"]
[Date "2014.07.23"]
[Round "2"]
[White "Matnadze, Ana"]
[Black "Milos, Gilberto"]
[Result "0-1"]
[WhiteElo "2389"]
[BlackElo "2583"]
[PlyCount "114"]
[EventDate "2014.07.22"]
[EventType "swiss"]
[EventRounds "9"]
[EventCountry "ESP"]
[SourceTitle "CBM 161 Extra"]
[Source "ChessBase"]
[SourceDate "2014.08.29"]
[SourceVersion "1"]
[SourceVersionDate "2014.08.29"]
[SourceQuality "1"]

1. d4 Nf6 2. c4 g6 3. Nf3 Bg7 4. g3 0-0 5. Bg2 d5 6. 0-0 dxc4 7. Nbd2 Nc6 8. Nxc4 Be6 9. Nce5 Bd5 10. b3 Nxe5 11. dxe5 Ng4 12. Bb2 c6 13. Re1 Qb6 14. Qd4 Qxd4 15. Bxd4 Rfd8 16. Bc3 Nh6 17. Rad1 Bxf3 18. exf3 Kf8 19. f4 Ke8 20. Ba5 Rxd1 21. Rxd1 e6 22. b4 a6 23. Bb6 Bf8 24. a4 Bxb4 25. a5 Rc8 26. Rb1 Bf8 27. Kf1 Nf5 28. Ke2 Ne7 29. Kd3 Nd5 30. h4 h5 31. Bf3 Kd7 32. Kc4 Nxb6+ 33. axb6 a5 34. Bd1 Bb4 35. Bb3 Ke7 36. Bc2 Rd8 37. Be4 Rd2 38. f3 Re2 39. Kd3 Rd2+ 40. Kc4 Kd7 41. Rg1 Re2 42. Rd1+ Kc8 43. Rg1 Re3 44. Rc1 Be1 45. Kc5 Bxg3 46. Kd6 Bxh4 47. Ra1 Kd8 48. Kc5 Be7+ 49. Kc4 Bb4 50. Rc1 Re2 51. Kb3 Kc8 52. Rg1 Bc5 53. Rg5 Re3+ 54. Kc2 Bxb6 55. f5 exf5 56. e6 fxe4 57. Re5 fxe6 0-1

[Event "Iberoamerican-ch 5th"]
[Site "Linares"]
[Date "2014.07.22"]
[Round "1"]
[White "Milos, Gilberto"]
[Black "Hernandez Estevez, Yudania"]
[Result "1-0"]
[WhiteElo "2583"]
[BlackElo "2258"]
[PlyCount "52"]
[EventDate "2014.07.22"]
[EventType "swiss"]
[EventRounds "9"]
[EventCountry "ESP"]
[SourceTitle "CBM 161 Extra"]
[Source "ChessBase"]
[SourceDate "2014.08.29"]
[SourceVersion "1"]
[SourceVersionDate "2014.08.29"]
[SourceQuality "1"]

1. c4 e5 2. Nc3 Nc6 3. Nf3 Bc5 4. e3 d6 5. d4 Bb4 6. Bd2 Nf6 7. d5 Bxc3 8. Bxc3 Ne7 9. Nd2 b5 10. e4 bxc4 11. Bxc4 0-0 12. 0-0 c6 13. dxc6 Nxc6 14. Qa4 Bb7 15. Rfd1 d5 16. Qb5 Rb8 17. exd5 Nd4 18. Qc5 Nxd5 19. Bxd4 exd4 20. Qxd4 Nb6 21. Qf4 Nd5 22. Qg3 Qb6 23. Ne4 Qxb2 24. Rab1 Qc2 25. Bxd5 Bxd5 26. Ra1 Ra8 1-0

[Event "Caxias do Sul Uva KO rap"]
[Site "Caxias do Sul"]
[Date "2014.03.07"]
[Round "1.1"]
[White "Leitao, Rafael Duailibe"]
[Black "Milos, Gilberto"]
[Result "1/2-1/2"]
[WhiteElo "2645"]
[BlackElo "2583"]
[PlyCount "63"]
[EventDate "2014.03.07"]
[EventType "k.o. (rapid)"]
[EventRounds "2"]
[EventCountry "BRA"]
[SourceTitle "CBM 159 Extra"]
[Source "ChessBase"]
[SourceDate "2014.04.24"]
[SourceVersion "1"]
[SourceVersionDate "2014.04.24"]
[SourceQuality "1"]

1. d4 d6 2. Nf3 Bg4 3. c4 Bxf3 4. exf3 g6 5. Nc3 Bg7 6. d5 Nd7 7. Be2 Ngf6 8. 0-0 0-0 9. Be3 c6 10. Qb3 Qc7 11. Rac1 Nc5 12. Qa3 Ncd7 13. Rfe1 a5 14. f4 Rfc8 15. Bf3 Qd8 16. h3 Kf8 17. g3 Nb6 18. Qb3 Nfd7 19. Na4 Nxa4 20. Qxa4 cxd5 21. cxd5 Bxb2 22. Rxc8 Qxc8 23. Rb1 Bf6 24. Bg4 Nc5 25. Bxc8 Nxa4 26. Bxb7 Nc3 27. Bxa8 Nxb1 28. a4 Nc3 29. Bc6 Bd4 30. Bd2 e6 31. Bxc3 Bxc3 32. Kf1 1/2-1/2